Welcome to CU Library Online Public Access Catalogue (OPAC)

Health care reform : (Record no. 2802)

MARC details
000 -LEADER
fixed length control field 01388cam a2200301 a 4500
001 - CONTROL NUMBER
control field 2535153
005 - DATE AND TIME OF LATEST TRANSACTION
control field 20250122135647.0
008 - FIXED-LENGTH DATA ELEMENTS--GENERAL INFORMATION
fixed length control field 931026s1993 dcu b 000 0 eng d
020 ## - INTERNATIONAL STANDARD BOOK NUMBER
International Standard Book Number 155810089X
050 00 - LIBRARY OF CONGRESS CALL NUMBER
Classification number RA790.6
Item number .K73 1993
082 00 - DEWEY DECIMAL CLASSIFICATION NUMBER
Classification number 362.2/0973
Edition information 20
100 1# - MAIN ENTRY--PERSONAL NAME
Personal name Krauss, Judith Belliveau.
245 10 - TITLE STATEMENT
Title Health care reform :
Remainder of title essential mental health services /
Statement of responsibility, etc. Judith B. Krauss ; contributors for the Coalition of Psychiatric Nursing Organizations, Jean Blackburn ... [et al.].
260 ## - PUBLICATION, DISTRIBUTION, ETC.
Place of publication, distribution, etc. Washington, D.C. :
Name of publisher, distributor, etc. American Nurses Publishing,
Date of publication, distribution, etc. c1993.
300 ## - PHYSICAL DESCRIPTION
Extent 69 p. ;
Dimensions 23 cm.
500 ## - GENERAL NOTE
General note On verso and back cover: "CH-24 5M 5/93."
500 ## - GENERAL NOTE
General note Prepared for the American Nurses Association Council on Psychiatric and Mental Health Nursing and the Coalition of Psychiatric Nursing Organizations.
650 #0 - SUBJECT ADDED ENTRY--TOPICAL TERM
Topical term or geographic name entry element Mental health services
Geographic subdivision United States.
650 #0 - SUBJECT ADDED ENTRY--TOPICAL TERM
Topical term or geographic name entry element Psychiatric nursing
Geographic subdivision United States.
650 #0 - SUBJECT ADDED ENTRY--TOPICAL TERM
Topical term or geographic name entry element Health care reform
Geographic subdivision United States.
650 #2 - SUBJECT ADDED ENTRY--TOPICAL TERM
Topical term or geographic name entry element Health Services Accessibility
Geographic subdivision United States.
650 #2 - SUBJECT ADDED ENTRY--TOPICAL TERM
Topical term or geographic name entry element Mental Health Services.
650 #2 - SUBJECT ADDED ENTRY--TOPICAL TERM
Topical term or geographic name entry element Psychiatric Nursing
General subdivision trends.
650 #2 - SUBJECT ADDED ENTRY--TOPICAL TERM
Topical term or geographic name entry element Delivery of Health Care
General subdivision organization & administration
Geographic subdivision United States.
710 2# - ADDED ENTRY--CORPORATE NAME
Corporate name or jurisdiction name as entry element Coalition of Psychiatric Nursing Organizations.
710 2# - ADDED ENTRY--CORPORATE NAME
Corporate name or jurisdiction name as entry element Council on Psychiatric and Mental Health Nursing (American Nurses Association)
942 ## - ADDED ENTRY ELEMENTS (KOHA)
Source of classification or shelving scheme Library of Congress Classification
Koha item type Books
Suppress in OPAC No
999 ## -
-- 2802
-- 2802
Holdings
Withdrawn status Lost status Source of classification or shelving scheme Damaged status Not for loan Collection Home library Current library Shelving location Date acquired Total checkouts Full call number Barcode Date last seen Copy number Price effective from Koha item type
    Library of Congress Classification     Non-fiction Science Library (Miotso) Science Library (Miotso) General stacks 01/22/2025   RA395 .A4 KRA SLM00002161 01/22/2025 1 01/22/2025 Books
© 2023-2024 Copyright: Central University Libraries. All Rights Reserved | Created by: Mahone Tech Office